[Event "17th BCC Open 2017"]
[Site "Cha-Am THA"]
[Date "2017.04.13"]
[Round "6.20"]
[White "Duong The Anh"]
[Black "Priguna,Gerald Pramoedya"]
[Result "1-0"]
[WhiteElo "2335"]
[BlackElo "1982"]

1.c4 e5 2.Nc3 Nf6 3.g3 d5 4.cxd5 Nxd5 5.Bg2 Nb6 6.Nf3 Nc6 7.O-O Be7 8.d3 O-O
9.Bd2 Re8 10.Rc1 Bf8 11.a3 h6 12.Ne1 Be6 13.Bxc6 bxc6 14.Ng2 c5 15.b3 Rb8
16.Rb1 Nd5 17.Na4 Bh3 18.Qc2 Nf6 19.f3 Rb5 20.Rfc1 Be6 21.Nc3 Rb7 22.Ne3 Nd7
23.Nc4 f5 24.Be3 Qf6 25.Bf2 a6 26.Rb2 g5 27.Rcb1 Bg7 28.Be1 Bf8 29.Nd1 f4
30.Nf2 h5 31.Bc3 fxg3 32.hxg3 g4 33.Ne4 Qg7 34.f4 Bxc4 35.bxc4 Rxb2 36.Qxb2
Bd6 37.Qb7 Qf7 38.Ng5 Qe7 39.Qe4 Nf6 40.Qf5 exf4 41.Bxf6 Qe3+ 42.Kh1 {#r} 1-0

[Event "17th BCC Open 2017"]
[Site "Cha-Am THA"]
[Date "2017.04.13"]
[Round "6.25"]
[White "Chin,F"]
[Black "Bellon Lopez,JuM"]
[Result "0-1"]
[WhiteElo "2115"]
[BlackElo "2342"]

1.d4 Nf6 2.Nf3 c5 3.d5 d6 4.c4 e5 5.Nc3 Be7 6.e4 O-O 7.Be2 a6 8.O-O Ne8 9.Be3
g6 10.Qd2 Ng7 11.Bh6 Bg4 12.Ne1 Bxe2 13.Qxe2 Bg5 14.Bxg5 Qxg5 15.Nd3 Nd7 16.f4
exf4 17.Nxf4 Rac8 18.Rae1 Rc7 19.Qf2 Nh5 20.Nd3 Ne5 21.Nxe5 Qxe5 22.Re3 f5
23.Rf3 f4 24.g4 Qf6 25.h3 Rff7 26.Kh2 Ng3 27.Re1 Qe5 28.Kg2 h5 29.Rxg3 fxg3
30.Qxg3 hxg4 31.hxg4 Rf4 32.Rh1 Qg5 33.Rh4 Rcf7 34.Ne2 Rf2+ {#R} 0-1

[Event "17th BCC Open 2017"]
[Site "Cha-Am THA"]
[Date "2017.04.13"]
[Round "6.26"]
[White "Armstrong,M"]
[Black "Enkhtuul,A"]
[Result "0-1"]
[WhiteElo "2100"]
[BlackElo "2333"]

1.d4 Nf6 2.c4 e6 3.Nf3 b6 4.g3 Bb7 5.Bg2 Bb4+ 6.Nbd2 O-O 7.O-O Bxd2 8.Bxd2 Ne4
9.Ng5 Nxd2 10.Qxd2 Bxg2 11.Kxg2 h6 12.Nf3 d6 13.Rfd1 Nd7 14.Rac1 a5 15.Rc3 f5
16.Qd3 Nf6 17.Nd2 Qe8 18.e4 Qh5 19.f3 f4 20.Qe2 e5 21.dxe5 Qxe5 22.g4 h5 23.h3
Kf7 24.Nb1 Rh8 25.Rcc1 hxg4 26.hxg4 Nxg4 27.Rh1 Ne3+ 28.Kf2 Qc5 29.Nc3 Nd1+
30.Kg2 Qg5+ {#R} 0-1

[Event "17th BCC Open 2017"]
[Site "Cha-Am THA"]
[Date "2017.04.13"]
[Round "6.33"]
[White "Bernales,C"]
[Black "Sekar,B"]
[Result "0-1"]
[WhiteElo "2051"]
[BlackElo "2225"]

1.e4 c5 2.Nf3 d6 3.d4 cxd4 4.Nxd4 Nf6 5.Nc3 a6 6.g3 e5 7.Nde2 Be7 8.Bg2 Nbd7
9.a4 O-O 10.O-O Rb8 11.Nd5 Nxd5 12.Qxd5 Qc7 13.Nc3 Nf6 14.Qd1 b5 15.axb5 axb5
16.Be3 b4 17.Nd5 Nxd5 18.exd5 Bf5 19.Ra7 Rb7 20.Rxb7 Qxb7 21.c4 bxc3 22.bxc3
Rc8 23.Qd2 Qb3 24.Rc1 Bd8 25.Qe1 Ba5 26.Bd2 h6 27.Qe3 Bb6 28.Qf3 Bg6 29.h4 h5
30.Qe2 Qb2 31.Bf3 e4 32.Bf4 Qa3 33.Bg2 Bc5 34.Be3 Rb8 35.Bxc5 Qxc5 36.c4 Rb3
37.Kh2 Qa3 38.Bxe4 Qxc1 {#R} 0-1

[Event "17th BCC Open 2017"]
[Site "Cha-Am THA"]
[Date "2017.04.13"]
[Round "6.35"]
[White "Grafil,F"]
[Black "Sajjapornthep,Jarunpol"]
[Result "1-0"]
[WhiteElo "2191"]
[BlackElo "1929"]

1.d4 f5 2.e4 fxe4 3.Nc3 Nf6 4.Bg5 e6 5.Nxe4 Be7 6.Bxf6 Bxf6 7.Nf3 O-O 8.Bd3 b6
9.c3 Bb7 10.Qc2 h6 11.h4 d6 12.g4 Be7 13.Rh3 Ba6 14.Bxa6 Nxa6 15.g5 d5 16.Ned2
Rf5 17.gxh6 gxh6 18.Qd3 Nb8 19.Qe3 Rf6 20.Rg3+ Kh7 21.O-O-O Bd6 22.Ne5 Bxe5
23.dxe5 Rf5 24.Rdg1 Qf8 25.Rg8 Qf7 26.Qg3 Rg5 27.Rxg5 hxg5 28.hxg5 Kg6 29.Qh3
Nd7 30.Qh6+ Kf5 31.g6 Qe7 32.Qh5+ {#r} 1-0

[Event "LXIII Mexican Open 2017"]
[Site "Leon MEX"]
[Date "2017.04.13"]
[Round "3.3"]
[White "Macieja,B"]
[Black "Salazar,Fa"]
[Result "1-0"]
[WhiteElo "2529"]
[BlackElo "2296"]
[EventType "swiss"]

1.Nf3 Nf6 2.c4 e6 3.g3 b6 4.Bg2 Bb7 5.d4 Be7 6.Nc3 O-O 7.Qc2 c5 8.d5 exd5
9.Ng5 g6 10.h4 h5 11.Nxd5 Nc6 12.Nxf6+ Bxf6 13.Bd5 Kg7 14.Qd2 Bxg5 15.hxg5 Qe7
16.b3 Rae8 17.Bb2+ Nd4 18.Bxd4+ cxd4 19.Bxb7 {#r} 1-0

[Event "LXIII Mexican Open 2017"]
[Site "Leon MEX"]
[Date "2017.04.13"]
[Round "3.6"]
[White "Cofre Archibold,Nestor"]
[Black "Hernandez Guerrero,G"]
[Result "0-1"]
[WhiteElo "2256"]
[BlackElo "2499"]
[EventType "swiss"]

1.d4 Nf6 2.c4 g6 3.g3 Bg7 4.Bg2 O-O 5.Nc3 d6 6.Nf3 Nbd7 7.O-O e5 8.e4 c6 9.Re1
Qb6 10.d5 Nc5 11.h3 Bd7 12.Rb1 a5 13.dxc6 Bxc6 14.Be3 Rfd8 15.Nd2 a4 16.Kh2
{#R} 0-1

[Event "LXIII Mexican Open 2017"]
[Site "Leon MEX"]
[Date "2017.04.13"]
[Round "4.8"]
[White "Otero Acosta,D"]
[Black "Cruz,Gomez Miguel Angel"]
[Result "1-0"]
[WhiteElo "2438"]
[BlackElo "2125"]
[EventType "swiss"]

1.d4 Nf6 2.c4 Nc6 3.Nf3 e6 4.a3 d6 5.Nc3 g6 6.Bg5 h6 7.Bh4 g5 8.Bg3 Nh5 9.e3
Nxg3 10.hxg3 Bg7 11.Qc2 e5 12.d5 Ne7 13.Be2 Bf5 14.Bd3 Bd7 15.O-O-O f5 16.e4
O-O 17.exf5 Bxf5 18.Ne4 Qd7 19.Kb1 c6 20.dxc6 bxc6 21.Nxd6 Bxd3 22.Rxd3 Nf5
23.c5 Ne7 24.Qc4+ Nd5 25.Rxd5 cxd5 26.Qxd5+ Kh8 27.Nxg5 Rad8 28.Qe4 {#r} 1-0

[Event "18th ch-EUR Indiv w 2017"]
[Site "Riga LAT"]
[Date "2017.04.13"]
[Round "3.8"]
[White "Lagno,Kateryna"]
[Black "Mammadova,G"]
[Result "1-0"]
[WhiteElo "2543"]
[BlackElo "2357"]

1.e4 g6 2.d4 Bg7 3.Nc3 d6 4.Be3 a6 5.Nf3 Nf6 6.Qd2 O-O 7.Bh6 b5 8.Bd3 b4 9.Ne2
c5 10.dxc5 dxc5 11.e5 Ng4 12.Bxg7 Kxg7 13.h3 Nh6 14.Ng3 f6 15.h4 c4 16.Be4
Qxd2+ 17.Nxd2 Ra7 18.Nxc4 Be6 19.exf6+ exf6 20.Bd3 Bxc4 21.Bxc4 Re8+ 22.Kf1
Nd7 23.Re1 Rc8 24.Re7+ Kf8 25.Re4 Ne5 26.Bb3 a5 27.a4 Nd7 28.h5 g5 29.Re6 Ng4
30.Ne4 Rac7 31.Rh3 Rc6 32.Rd3 Nde5 33.Rxc6 Rxc6 34.Rd8+ Kg7 35.Rd5 Nc4 36.Rc5
Nd2+ 37.Ke1 Rxc5 38.Nxc5 Nxb3 39.Nxb3 {#r} 1-0

[Event "18th ch-EUR Indiv w 2017"]
[Site "Riga LAT"]
[Date "2017.04.13"]
[Round "3.10"]
[White "Pogonina,N"]
[Black "Milliet,S"]
[Result "1-0"]
[WhiteElo "2478"]
[BlackElo "2352"]

1.d4 Nf6 2.c4 e6 3.Nc3 Bb4 4.e3 b6 5.Bd3 Bb7 6.Nf3 O-O 7.O-O c5 8.Na4 cxd4
9.exd4 Re8 10.a3 Bf8 11.b4 a5 12.b5 d6 13.h3 Nbd7 14.Be3 Rc8 15.Rc1 e5 16.Be2
Ne4 17.dxe5 dxe5 18.Nxb6 Rc7 19.Nxd7 Rxd7 20.Qb3 Nc5 21.Qc3 Bxf3 22.Bxf3 Rd3
23.Qc2 e4 24.Be2 Rxa3 25.Rcd1 Qc7 26.Rd5 a4 27.Rfd1 g6 28.Qb2 Rb3 29.Qf6 Re6
30.Qd8 Qxd8 31.Rxd8 Kg7 32.Bd4+ f6 33.Rxf8 Kxf8 34.Bxc5+ Ke8 35.Ra1 e3 36.fxe3
a3 37.Bf3 Re5 38.Bxa3 Rexe3 39.Bc6+ Kf7 40.Bc5 Red3 41.Ra7+ {#r} 1-0

[Event "18th ch-EUR Indiv w 2017"]
[Site "Riga LAT"]
[Date "2017.04.13"]
[Round "3.15"]
[White "Khotenashvili,B"]
[Black "Gara,T"]
[Result "1-0"]
[WhiteElo "2445"]
[BlackElo "2325"]

1.d4 Nf6 2.c4 g6 3.Nc3 d5 4.Nf3 Bg7 5.Qb3 dxc4 6.Qxc4 O-O 7.e4 c6 8.Be2 b5
9.Qb3 Qa5 10.e5 Be6 11.Qc2 Bf5 12.Bd3 Bxd3 13.Qxd3 Nd5 14.Bd2 Nxc3 15.bxc3 Nd7
16.h4 Rad8 17.Qe4 c5 18.h5 Qb6 19.h6 Bh8 20.O-O b4 21.cxb4 cxd4 22.Rfc1 Rc8
23.a4 Qe6 24.Rxc8 Rxc8 25.Re1 Qa6 26.b5 Qb6 27.a5 Qb8 28.e6 f5 29.Qd5 Nf6
30.Qb3 Ne4 31.b6 Nc5 32.Qb5 axb6 33.axb6 d3 34.Rc1 Ne4 35.Rxc8+ Qxc8 36.b7 Qb8
37.Bf4 Nd6 38.Bxd6 exd6 39.Qd7 {#r} 1-0

[Event "18th ch-EUR Indiv w 2017"]
[Site "Riga LAT"]
[Date "2017.04.13"]
[Round "3.26"]
[White "Utiatskaja,Irina"]
[Black "Batsiashvili,N"]
[Result "0-1"]
[WhiteElo "2152"]
[BlackElo "2496"]

1.e4 e5 2.Nf3 Nc6 3.Nc3 Nf6 4.Bb5 Bb4 5.O-O O-O 6.d3 d6 7.Bg5 Ne7 8.Bxf6 gxf6
9.d4 c6 10.Bd3 Bxc3 11.bxc3 Ng6 12.Re1 Bg4 13.h3 Be6 14.Kh2 Kh8 15.Bf1 Qe7
16.g3 Rad8 17.h4 Bg4 18.Bh3 Bxh3 19.Kxh3 d5 20.Kh2 Qe6 21.h5 dxe4 22.Rxe4 Qf5
23.Qe2 Qxh5+ 24.Kg2 Nf4+ 25.gxf4 Rg8+ 26.Ng5 Qxe2 27.Rxe2 exf4 28.Kf3 fxg5
29.Re7 f5 30.Rxb7 Rg7 31.Rab1 h5 32.Rxg7 Kxg7 33.Rb7+ Kg6 34.Rxa7 h4 35.Rc7 h3
36.Rxc6+ Kh5 37.Rc7 Re8 38.Rc5 g4+ 39.Kxf4 h2 40.Rxf5+ Kh6 {#R} 0-1

[Event "18th ch-EUR Indiv w 2017"]
[Site "Riga LAT"]
[Date "2017.04.13"]
[Round "3.28"]
[White "Ozturk,Ku"]
[Black "Hoang Thanh Trang"]
[Result "0-1"]
[WhiteElo "2261"]
[BlackElo "2459"]

1.d4 e6 2.c4 f5 3.Nc3 Nf6 4.e3 b6 5.Bd3 Bb7 6.f3 c5 7.d5 exd5 8.cxd5 Nxd5
9.Nxd5 Bxd5 10.Bxf5 Bf7 11.Qa4 Nc6 12.Bd2 b5 13.Qxb5 Rb8 14.Qa4 Rxb2 15.Ne2
Qf6 16.Qe4+ Be7 17.Nc3 Nb4 18.Rb1 d5 19.Qg4 h5 20.Bd7+ Kd8 21.Qf5 Rxb1+
22.Nxb1 Bg6 23.Qh3 Qh4+ 24.g3 Qxh3 25.Bxh3 Bxb1 26.Bxb4 cxb4 27.Kd2 Bxa2
28.Rc1 Bc4 29.e4 Bf6 30.exd5 Bc3+ {#R} 0-1

[Event "18th ch-EUR Indiv w 2017"]
[Site "Riga LAT"]
[Date "2017.04.13"]
[Round "3.30"]
[White "Calzetta Ruiz,M"]
[Black "Bodnaruk,A"]
[Result "1-0"]
[WhiteElo "2257"]
[BlackElo "2446"]

1.e4 c5 2.Nf3 d6 3.d4 cxd4 4.Qxd4 a6 5.Be3 Nc6 6.Qd2 Nf6 7.Nc3 e6 8.O-O-O Be7
9.Bf4 Ng4 10.h3 Nge5 11.Nxe5 dxe5 12.Qxd8+ Bxd8 13.Be3 b5 14.a4 b4 15.Nb1 Rb8
16.Nd2 Bb6 17.Bxb6 Rxb6 18.Nc4 Rb8 19.Nd6+ Ke7 20.Nxc8+ Rhxc8 21.Bxa6 Rc7
22.b3 Ra8 23.Bd3 Nd4 24.Kb2 Rc3 25.Rd2 Kd6 26.Re1 Rc7 27.Bc4 Kc5 28.Re3 Raa7
29.h4 Rd7 30.h5 Nc6 31.Rxd7 Rxd7 32.Bb5 Rd2 33.Bxc6 Kxc6 34.Rf3 f6 35.h6 gxh6
36.Rxf6 Kd6 37.g4 Ke7 38.Rxh6 Rxf2 39.Rxh7+ Kf6 40.Rb7 Kg5 41.Rxb4 Rf7 42.Rc4
{#r} 1-0

[Event "18th ch-EUR Indiv w 2017"]
[Site "Riga LAT"]
[Date "2017.04.13"]
[Round "3.32"]
[White "Kashlinskaya,A"]
[Black "Kazarian,Anna-Maja"]
[Result "1-0"]
[WhiteElo "2426"]
[BlackElo "2257"]

1.d4 d5 2.c4 c6 3.cxd5 cxd5 4.Bg5 h6 5.Bh4 Qa5+ 6.Nc3 e6 7.a3 Nc6 8.e3 Bd7
9.Bd3 Qb6 10.Nf3 Bd6 11.O-O Nf6 12.b4 a5 13.Na4 Qa7 14.b5 Ne7 15.Ne5 b6 16.Qf3
Bxe5 17.dxe5 Ne4 18.Bxe7 Kxe7 19.Bxe4 dxe4 20.Qe2 Rac8 21.Rfd1 Qc7 22.Qb2 Qc2
23.Qd4 Rhd8 24.Nxb6 Rc3 25.Rd2 Qb3 26.Qd6+ Ke8 27.Nxd7 Rd3 28.Qf8+ Kxd7
29.Qxf7+ Kc8 30.Rc1+ Kb8 31.Qc7+ Ka8 32.b6 {#r} 1-0

[Event "18th ch-EUR Indiv w 2017"]
[Site "Riga LAT"]
[Date "2017.04.13"]
[Round "3.54"]
[White "Szczepkowska Horowska,K"]
[Black "Baptista,A"]
[Result "1-0"]
[WhiteElo "2414"]
[BlackElo "2071"]

1.d4 Nf6 2.c4 e6 3.Nf3 b6 4.a3 Bb7 5.Nc3 d5 6.Bg5 Be7 7.Qa4+ c6 8.Bxf6 Bxf6
9.cxd5 exd5 10.g3 O-O 11.Bg2 Re8 12.O-O g6 13.Rfe1 Bg7 14.e4 dxe4 15.Nxe4 Na6
16.Rad1 Qb8 17.h4 h6 18.Qc4 Qc7 19.Ne5 Rad8 20.Nxg6 b5 21.Qb3 Bc8 22.Nf4 Rxd4
23.Nf6+ {#r} 1-0

[Event "ch-DEN 2017"]
[Site "Skorping DEN"]
[Date "2017.04.13"]
[Round "6.1"]
[White "Carstensen,J"]
[Black "Andersen,Mad"]
[Result "0-1"]
[WhiteElo "2381"]
[BlackElo "2565"]

1.e4 c5 2.Nf3 d6 3.d4 cxd4 4.Nxd4 Nf6 5.Nc3 a6 6.Be3 e6 7.g4 e5 8.Nf5 g6 9.Bg2
d5 10.Bg5 gxf5 11.Bxf6 Qxf6 12.Nxd5 Qd8 13.exf5 Nc6 14.Qe2 h5 15.O-O-O hxg4
16.Nb6 Bh6+ 17.Kb1 Qxb6 18.Bxc6+ Kf8 19.Qxe5 Kg8 20.Qe8+ Bf8 21.Rd8 Kg7 22.f6+
Kxf6 23.Bd5 Qc7 24.Re1 Kg7 25.Bb3 a5 26.a4 Kh7 27.Re5 Be6 28.Qb5 Rxd8 29.Rxe6
fxe6 30.Qh5+ Bh6 31.Bxe6 Rhf8 32.Bf5+ Rxf5 33.Qxf5+ Kh8 {#R} 0-1

[Event "ch-DEN 2017"]
[Site "Skorping DEN"]
[Date "2017.04.13"]
[Round "6.2"]
[White "Sylvan,J"]
[Black "Rasmussen,A"]
[Result "0-1"]
[WhiteElo "2425"]
[BlackElo "2533"]

1.e4 c6 2.d4 d5 3.e5 Bf5 4.h4 h5 5.c4 e6 6.Nc3 Ne7 7.Nge2 dxc4 8.Ng3 Bg6
9.Bxc4 Nd7 10.Be2 Nd5 11.Nxd5 cxd5 12.Bd2 Be7 13.Nxh5 Bxh5 14.Bxh5 g6 15.Be2
Rxh4 16.Rxh4 Bxh4 17.Rc1 Rc8 18.Rxc8 Qxc8 19.Bb4 Bg5 20.g3 Qc6 21.f4 Bd8
22.Qd2 a6 23.Qc3 Nb8 24.Kd2 Qa4 25.a3 Kd7 26.Qc5 Qb3 27.Qc3 Qa2 28.Qc2 Nc6
29.Qc3 Bb6 30.Bc5 Ba5 31.Bb4 Bxb4 32.axb4 b5 33.Bd1 Kc7 34.Bc2 Qa1 35.g4 Qg1
36.Qe3 Qxg4 37.Kc3 Qh4 38.Bd3 Qe7 {#R} 0-1

[Event "ch-DEN 2017"]
[Site "Skorping DEN"]
[Date "2017.04.13"]
[Round "6.3"]
[White "Antonsen,M"]
[Black "Hansen,Mads3"]
[Result "1-0"]
[WhiteElo "2447"]
[BlackElo "2444"]

1.d4 d5 2.c4 c6 3.Nf3 Nf6 4.e3 Bg4 5.h3 Bh5 6.Nc3 e6 7.Qb3 Qc7 8.Nh4 Be7 9.g4
Bg6 10.Nxg6 hxg6 11.Bg2 g5 12.Bd2 Nbd7 13.O-O-O O-O-O 14.Kb1 Kb8 15.Ka1 Nf8
16.c5 e5 17.Qc2 Ne6 18.Bc1 Rde8 19.b4 exd4 20.exd4 Nd7 21.Be3 Bf6 22.a3 Nf4
23.Bf1 Nf8 24.Ka2 N8e6 25.Qb3 Ka8 26.b5 Qa5 27.Qb4 Qxb4 28.axb4 Kb8 29.bxc6
bxc6 30.b5 Nd8 31.bxc6 Nxc6 32.Bxf4+ gxf4 33.Nxd5 Bh4 34.Ba6 {#r} 1-0

[Event "ch-DEN 2017"]
[Site "Skorping DEN"]
[Date "2017.04.13"]
[Round "6.5"]
[White "Sondergaard,Jesper Thybo"]
[Black "Rasmussen,Kar"]
[Result "1-0"]
[WhiteElo "2437"]
[BlackElo "2449"]

1.d4 d5 2.Nf3 e6 3.c4 a6 4.e3 Nf6 5.b3 c5 6.Bb2 cxd4 7.exd4 Bb4+ 8.Nbd2 dxc4
9.bxc4 Ne4 10.Bd3 Nxd2 11.Nxd2 Qg5 12.Qe2 Bd7 13.O-O-O Ba4 14.Rde1 Qa5 15.d5
O-O 16.Ne4 exd5 17.Nf6+ Kh8 18.Qh5 Bd2+ 19.Kb1 h6 20.Qf5 {#r} 1-0

[Event "11th Philadelphia Open"]
[Site "Philadelphia USA"]
[Date "2017.04.13"]
[Round "2.2"]
[White "Sadorra,J"]
[Black "Checa,Nicolas D"]
[Result "1-0"]
[WhiteElo "2580"]
[BlackElo "2400"]
[EventType "swiss"]

1.d4 d5 2.c4 c6 3.cxd5 cxd5 4.Bf4 Nc6 5.e3 Nf6 6.Nc3 a6 7.Be2 Bf5 8.g4 Bc8
9.Bf3 e6 10.Nge2 Bd6 11.Rc1 O-O 12.h3 Na5 13.Kf1 Bxf4 14.Nxf4 Nc4 15.g5 Ne8
16.b3 Ncd6 17.h4 Bd7 18.Be2 Rc8 19.Bd3 Qa5 20.Kg2 Nb5 21.Na4 Rxc1 22.Qxc1 Ned6
23.Nc5 Bc6 24.a4 Nc7 25.Qb1 e5 26.b4 Qb6 27.a5 Qa7 28.dxe5 Nc4 29.Bxh7+ Kh8
30.e6 d4+ 31.Kh2 Qb8 32.Qd1 Nxe6 33.Nxe6 fxe6 34.Bg6 Kg8 35.Qh5 Rxf4 36.Qh7+
Kf8 37.Qh8+ Ke7 38.Qxb8 {#r} 1-0

[Event "TV2 GM Open 2017"]
[Site "Fagernes NOR"]
[Date "2017.04.13"]
[Round "6.8"]
[White "Urkedal,F"]
[Black "Risting,Eivind Olav"]
[Result "1-0"]
[WhiteElo "2552"]
[BlackElo "2250"]

1.d4 Nf6 2.c4 c5 3.d5 b5 4.cxb5 a6 5.bxa6 g6 6.a7 Rxa7 7.Nc3 Bg7 8.e4 O-O
9.Nf3 e6 10.Be2 exd5 11.e5 Ng4 12.Bg5 Qa5 13.O-O Nc6 14.Nd2 Ngxe5 15.Nb3 Qb6
16.Nxd5 Qb8 17.Nxc5 f6 18.Be3 d6 19.Na4 Raf7 20.f4 Nd7 21.Rc1 Bb7 22.Qb3 Kh8
23.f5 Nde5 24.fxg6 hxg6 25.Nf4 Re7 26.Nb6 g5 27.Nfd5 Ree8 28.Bb5 Qd8 29.Qd1
Kg8 30.Ba4 g4 31.Bb3 Kh8 32.Rf5 Kh7 33.Qc2 {#r} 1-0

[Event "TV2 GM Open 2017"]
[Site "Fagernes NOR"]
[Date "2017.04.13"]
[Round "6.9"]
[White "Kazakovskiy,Valeriy"]
[Black "Dahl,Trygve"]
[Result "1-0"]
[WhiteElo "2454"]
[BlackElo "2099"]

1.d4 Nf6 2.Nf3 g6 3.c4 Bg7 4.g3 O-O 5.Bg2 d6 6.O-O Nc6 7.Nc3 a6 8.d5 Na5 9.b3
c5 10.dxc6 Nxc6 11.Bb2 Qa5 12.Qc1 Be6 13.Rd1 Rfc8 14.Qg5 Qb4 15.Rab1 b5 16.Nd5
Bxd5 17.cxd5 Ne4 18.Qf4 Bxb2 19.dxc6 e5 20.Nxe5 dxe5 21.Qxe4 Qxe4 22.Bxe4 Bd4
23.e3 Bb6 24.Rd7 Rc7 25.Rbd1 Raa7 26.Rxc7 Rxc7 27.Rd8+ Kg7 28.Ra8 Ba7 29.Re8
Kf6 30.g4 Bb6 31.Ra8 Ba7 32.Rh8 Bc5 33.Rxh7 Bf8 34.Bd5 {#r} 1-0

[Event "TV2 GM Open 2017"]
[Site "Fagernes NOR"]
[Date "2017.04.13"]
[Round "6.11"]
[White "Ranaldi,Lucas"]
[Black "Hedman,E"]
[Result "0-1"]
[WhiteElo "2309"]
[BlackElo "2367"]

1.Nf3 c5 2.c4 Nc6 3.Nc3 Nf6 4.g3 g6 5.Bg2 Bg7 6.O-O d6 7.d4 cxd4 8.Nxd4 Bd7
9.Nc2 Qc8 10.Ne3 h5 11.h4 Bh3 12.Bd2 O-O 13.Rc1 Rd8 14.Ned5 Bxg2 15.Kxg2 Qg4
16.b3 Nxd5 17.Nxd5 e6 18.f3 Qd4 19.e3 Qd3 20.Nf4 Qf5 21.b4 d5 22.cxd5 exd5
23.Qb3 a5 24.b5 a4 25.Qd3 Qxd3 26.Nxd3 Na5 27.Bxa5 Rxa5 28.Rb1 Rc8 29.Rfc1 Rc4
30.Rxc4 dxc4 31.Ne1 a3 32.Rc1 Rxb5 33.Rxc4 Rb2+ 34.Rc2 Bc3 35.Kf1 Bxe1 36.Rc8+
Kg7 37.Kxe1 Rxa2 38.Rc3 Ra1+ 39.Kf2 a2 40.Ra3 Rh1 {#R} 0-1

[Event "TV2 GM Open 2017"]
[Site "Fagernes NOR"]
[Date "2017.04.13"]
[Round "6.14"]
[White "Lillevold,F"]
[Black "Couso,L"]
[Result "0-1"]
[WhiteElo "2135"]
[BlackElo "2287"]

1.d4 d5 2.c4 c6 3.Nf3 Nf6 4.Nc3 a6 5.c5 Nbd7 6.Bf4 Nh5 7.Qd2 Nxf4 8.Qxf4 Nf6
9.Ne5 Be6 10.e3 g6 11.Be2 h5 12.h4 Bh6 13.Qg3 Qc7 14.f4 b6 15.cxb6 Qxb6 16.O-O
Qxb2 17.Rfc1 Bf5 18.Bd3 Bxd3 19.Nxd3 Qb7 20.Ne5 Qc8 21.Rab1 Qf5 22.Rb7 Rc8
23.Qe1 O-O 24.Na4 Rfe8 25.Rxc6 Rxc6 26.Nxc6 Qc2 27.Nc5 Bf8 28.Ne5 Rc8 29.a4
Ne4 30.Nxe4 Qxe4 31.Rb2 e6 32.Nd7 Be7 33.Rb8 Rxb8 34.Nxb8 Bxh4 35.Qc1 Qd3
36.Nc6 Qe2 37.Ne5 Bf2+ 38.Kh1 Bxe3 39.Qc8+ Kg7 40.Nf3 Qf1+ 41.Ng1 Qxg1# 0-1

[Event "TV2 GM Open 2017"]
[Site "Fagernes NOR"]
[Date "2017.04.13"]
[Round "6.16"]
[White "Ingebretsen,Jens E"]
[Black "Gronnestad,A"]
[Result "1-0"]
[WhiteElo "2032"]
[BlackElo "1966"]

1.e4 c5 2.Nf3 d6 3.d4 cxd4 4.Qxd4 a6 5.h3 Nc6 6.Qe3 Nf6 7.c4 g6 8.Be2 Bg7
9.O-O O-O 10.Rd1 Qc7 11.Nc3 b6 12.Bd2 e6 13.Rac1 Re8 14.Nb5 Qb8 15.Nxd6 Qxd6
16.e5 Nxe5 17.Nxe5 Bb7 18.Bc3 Qc7 19.Bd4 Ne4 20.f4 Nc5 21.b4 f6 22.Ng4 Nd7
23.c5 bxc5 24.Bxc5 Nxc5 25.Rxc5 Qb6 26.a3 h5 27.Nf2 Bh6 28.Bxh5 Bf8 29.Qg3 Re7
30.Rc3 Rg7 31.Bf3 a5 32.bxa5 Rxa5 33.Bxb7 Qxb7 34.Ng4 Qa7+ 35.Kh1 f5 36.Nf6+
Kh8 37.Qh4+ Rh7 38.Qxh7+ Qxh7 39.Nxh7 Kxh7 40.Rdd3 Ra4 41.g3 {#r} 1-0

[Event "TV2 IM 2017"]
[Site "Fagernes NOR"]
[Date "2017.04.13"]
[Round "6.1"]
[White "Akesson,R"]
[Black "Getz,N"]
[Result "1-0"]
[WhiteElo "2452"]
[BlackElo "2403"]

1.d4 Nf6 2.c4 g6 3.Nc3 Bg7 4.e4 d6 5.f3 O-O 6.Be3 Nc6 7.Qd2 a6 8.Nge2 Rb8
9.Nc1 e5 10.d5 Nd4 11.Nb3 Nxb3 12.axb3 c5 13.b4 cxb4 14.Na4 b5 15.Qxb4 Bd7
16.cxb5 axb5 17.Nc3 Ne8 18.Be2 Bh6 19.Bf2 f5 20.Ra7 Ra8 21.Rxa8 Qxa8 22.O-O
fxe4 23.Nxe4 Qxd5 24.Rd1 Qe6 25.Bxb5 Bxb5 26.Qxb5 Rf7 27.Qb8 Rd7 28.Nf6+ Kf7
29.Nxd7 Qxd7 30.b4 Ke6 31.b5 d5 32.b6 Nd6 33.Qg8+ Qf7 34.Qxf7+ Kxf7 35.Rxd5
Ke6 36.Rc5 {#r} 1-0

[Event "TV2 IM 2017"]
[Site "Fagernes NOR"]
[Date "2017.04.13"]
[Round "6.4"]
[White "Kaasen,Tor Fredrik"]
[Black "Jacobsen,Mikkel Manosri"]
[Result "1-0"]
[WhiteElo "2410"]
[BlackElo "2219"]

1.d4 d5 2.c4 c6 3.Nf3 e6 4.Nc3 Nf6 5.Bg5 dxc4 6.a4 Bb4 7.e4 Nbd7 8.e5 h6 9.Bd2
Nd5 10.Bxc4 a5 11.O-O b6 12.Qe2 Be7 13.Rac1 Nb8 14.Ne4 Qd7 15.Ne1 Ba6 16.b3
O-O 17.Qg4 Kh8 18.Qh3 f5 19.exf6 Bxf6 20.Bxh6 Kg8 21.Bg5 Bxd4 22.Nf3 Bb2
23.Rc2 Bxc4 24.bxc4 Nf6 25.Rd2 Qe8 26.Bxf6 Bxf6 27.Nfg5 Bxg5 28.Nxg5 Qg6
29.Nxe6 Rc8 30.Nxg7 Na6 31.Nf5 {#r} 1-0

[Event "TV2 IM 2017"]
[Site "Fagernes NOR"]
[Date "2017.04.13"]
[Round "6.5"]
[White "Lie,Es"]
[Black "Nyland,T"]
[Result "1-0"]
[WhiteElo "2449"]
[BlackElo "2104"]

1.Nf3 d5 2.g3 e6 3.Bg2 Nf6 4.O-O Be7 5.c4 O-O 6.Qc2 Nbd7 7.d4 Ne4 8.Nfd2 Nxd2
9.Nxd2 dxc4 10.Nxc4 Nb6 11.Rd1 Nxc4 12.Qxc4 e5 13.Be3 Qd6 14.dxe5 Qxe5 15.Bd4
Qa5 16.Bc3 Qb6 17.a4 a5 18.Bd4 c5 19.Be5 Qb4 20.Bd5 Qxc4 21.Bxc4 Rd8 22.Rxd8+
Bxd8 23.Rd1 Be7 24.Bc7 Kf8 25.Rd3 Bf5 26.Rf3 Bg6 27.Bd5 f6 28.e4 Bf7 29.Bxf7
Kxf7 30.Rb3 Ra7 31.Bb8 c4 32.Rb5 Ra6 33.Rxb7 Ke6 34.Ba7 g5 35.Bd4 Rc6 36.Bc3
Bb4 37.Rxh7 Rd6 38.Rc7 Rd1+ 39.Kg2 Bxc3 40.bxc3 {#r} 1-0

[Event "TV2 Elo Open 2017"]
[Site "Fagernes NOR"]
[Date "2017.04.13"]
[Round "6"]
[White "Ayzenberg,Alena"]
[Black "Merkesvik,Amalie Isabel"]
[Result "0-1"]
[WhiteElo "1992"]
[BlackElo "1714"]

1.d4 d5 2.c4 c6 3.Nf3 Nf6 4.Qb3 Nbd7 5.cxd5 Nxd5 6.e4 N5f6 7.Bc4 e6 8.Nc3 Nb6
9.O-O Be7 10.Bf4 O-O 11.Rad1 Nh5 12.Be3 Qc7 13.e5 g6 14.Ne4 Ng7 15.Bg5 Nxc4
16.Qxc4 Bxg5 17.Nfxg5 Ne8 18.Qb3 Qe7 19.f4 f6 20.exf6 Nxf6 21.Nxf6+ Qxf6
22.Qh3 Qe7 23.Qh6 Qg7 24.Qh4 Bd7 25.Rfe1 Rad8 26.h3 Bc8 27.Kh1 b6 28.Re5 Rf5
29.Nxe6 Bxe6 30.Qxd8+ Rf8 31.Qd6 Bxa2 32.Re7 Qh6 33.Rxa7 Bd5 34.Rf1 Qxh3+ {#R}
0-1

[Event "TV2 Elo Open 2017"]
[Site "Fagernes NOR"]
[Date "2017.04.13"]
[Round "6"]
[White "Wetle Hoem,T"]
[Black "Lindbol,Aleksander"]
[Result "0-1"]
[WhiteElo "1965"]
[BlackElo "1971"]

1.d4 Nf6 2.Nf3 e6 3.e3 d5 4.Bd3 c5 5.b3 Nc6 6.a3 Be7 7.Nbd2 O-O 8.O-O Qb6
9.Bb2 c4 10.Be2 cxb3 11.cxb3 Bd6 12.Qb1 Ne7 13.Bd3 h6 14.b4 Bd7 15.Nb3 Rfc8
16.Nc5 Bb5 17.Rc1 Rc7 18.Bxb5 Qxb5 19.Qd3 Rxc5 {#R} 0-1

[Event "TV2 Elo Open 2017"]
[Site "Fagernes NOR"]
[Date "2017.04.13"]
[Round "6"]
[White "Nass,Sara"]
[Black "Johansen,Ka"]
[Result "0-1"]
[WhiteElo "1909"]
[BlackElo "1929"]

1.e4 c6 2.d4 d5 3.Nc3 dxe4 4.Nxe4 Nf6 5.Nxf6+ exf6 6.Nf3 Bd6 7.Be2 O-O 8.O-O
Re8 9.c4 Nd7 10.Rb1 Nf8 11.Be3 Ng6 12.b4 Nf4 13.Bxf4 Bxf4 14.b5 Qa5 15.Qc2 Be6
16.Bd3 g6 17.g3 Bh6 18.bxc6 bxc6 19.Rfd1 Rad8 20.Be4 Qc7 21.Qa4 Bd7 22.Qc2 Bg4
23.h3 Bxh3 24.Ne1 Bg4 25.Bf3 Rxe1+ 26.Rxe1 Bxf3 {#R} 0-1

[Event "TV2 Elo Open 2017"]
[Site "Fagernes NOR"]
[Date "2017.04.13"]
[Round "6"]
[White "Tenold,Andreas"]
[Black "Skrede,Snorre"]
[Result "0-1"]
[WhiteElo "1687"]
[BlackElo "1920"]

1.e4 c5 2.Nf3 g6 3.d4 cxd4 4.Nxd4 Nc6 5.Nc3 Bg7 6.Be3 Nf6 7.f3 O-O 8.Bc4 Qb6
9.Rb1 Qb4 10.Bb3 d6 11.a3 Qa5 12.Qd2 Bd7 13.h4 Nxd4 14.Bxd4 h5 15.O-O Kh7
16.f4 Nxe4 17.Qe3 Bxd4 18.Qxd4 Nxc3 19.Qxc3 Qxc3 20.bxc3 Rac8 21.Rf3 Rc7
22.Re3 e6 23.Rd1 d5 24.a4 b5 25.axb5 Bxb5 26.Rb1 a6 27.Ba2 Rfc8 28.Rb3 Kg7
29.Ra3 Kf6 {#R} 0-1